000 00321nas a22001337a 4500
001 T027600012159-00
008 190830b xxu||||| |||| 00| 0 esp |
040 _aFEVP
_cFEVP
245 _aVisión: la revista Latinoamericana
260 _c19971231
300 _a40p.
650 _aIntegración--América Latina
942 _cREV
999 _c17032
_d17032